LEADER 01097nam a2200277 u 4500 001 000000074143 003 CaOOAMICUS 005 20070226122429.0 008 021202s1992 it u000 u ita u 020 $a8802045917 035 $a10946745 040 $aPUL$bita 110 1 $aItalia.$0(OLS)http://pul/name/1188 240 10$aCodice di procedura penale$9(Italia).$0(OLS)http://pul/title/69944 245 10$aCodice di procedura penale /$ccommentato da Franco Cordero. 260 $aTorino :$bUTET,$cc1992. 300 $a1053 p. ;$c21 cm 630 04$aCodice di procedura penale$zItalia.$0(OLS)http://pul/subject/20312 700 1 $aCordero, Franco.$0(OLS)http://pul/name/28766 850 $aPUL 852 $aPUL$W1$xDP2 Cons. Gen., Altre Classi 1$y61$m1378 F 17$j95698$nBK-PRI$qStampati$B95698$CPULBib$Z2$F95698 $H89050 $82 941 1 $a8 961 $aINV: 89050 996 $6020$a8802045917$9(OLS)http://pul/number/95937 996 $6245$aCodice di procedura penale$9(OLS)http://pul/title/97425 996 $6260$aTorino :$bUTET$9(OLS)http://pul/publisher/48088 LEADER 01207nam a2200289 u 4500 001 000000075500 003 CaOOAMICUS 005 20070226123116.0 008 031007s1986 it u000 u ita u 020 $a8870780724 035 $a10972180 040 $aPUL$bita 041 1 $aita$hfre 100 1 $aKreisler, L&EGeon.$0(OLS)http://pul/name/50151 240 10$aEnfant du desordre psychosomathique.$lItaliano.$0(OLS)http://pul/title/99096 245 10$aClinica psicosomatica del bambino /$cLeon Kreisler. 260 $aMilano :$bR. Cortina,$cc1986. 300 $axxii, 264 p. ;$c23 cm 490 1 $aCollana di psicologia clinica e psicoterapia ;$v13 650 4$aPsicanalisi infantile.$0(OLS)http://pul/subject/20022 830 0$aCollana di psicologia clinica e psicoterapia ;$v13.$0(OLS)http://pul/title/12189 850 $aPUL 852 $aPUL$W1$xSL Filosofia 1$y2$m97 S 13$j97146$nBK-PRI$b $qStampati$B97146$CPULBib$Z2$F97146 $H93149 $81 941 1 $a8 996 $6020$a8870780724$9(OLS)http://pul/number/98528 996 $6245$aClinica psicosomatica del bambino$9(OLS)http://pul/title/99097 996 $6260$aMilano :$bR. Cortina$9(OLS)http://pul/publisher/52064